000 01316nam a22002657a 4500
005 20080814111036.0
006 a|||||r|||||00| 0
008 080814t xxu||||| |||| 00| 0 hin d
010 _aHIN-83923
020 _a8171640583
_c250.00
035 _aHN-56269
037 _bDBAD / PUB
040 _aDPL
_bHN
082 _a633.615
100 _aयादव, रतन लाल
245 _aवैज्ञानिक विधि से गन्ने की खेती /
_cरतन लाल यादव; जगदीप सक्सेना द्वारा सम्पादित
246 _aVaigyanik vidhi se ganne ki kheti
_bby Ratan Lal Yadav
260 _aनई दिल्ली
_bभारतीय कृषि अनुसंधान परिषद
_c2007
300 _a204पृ.
_c22सेमी(सजिल्द)
650 _aकृषि
_xगन्ना
_xखेती
650 _aAgriculture
_xSugarcane
_xCultivation
700 _a सक्सेना, जगदीप
942 _2ddc
_cHN
_h633.615
_mय़ादव
999 _c14850
_d14850